000 01009nam a22002537a 4500
005 20170123164152.0
010 _aB-124483
020 _c175.00
_a8178832305
035 _aB-124483
037 _bCen Lib / Ret
040 _aDPL
_bPN
082 _a850.8
_bਸੁਰਜ
100 _aਸੁਰਜਨ ਜੀਰਵੀ
_9126838
245 _aਏਹ੍ਹ ਹੈ ਬਾਰਬੀ ਸੰਸਾਰ /
_cਸੁਜਾਨ ਜੀਰਵੀ
_bਪੱਦ /
246 _aEhh hai barbie sansaar : prose /
_bby Surjan Zeervi
260 _aਲੁਧਿਆਣਾ
_bਚੇਤਨਾ ਪ੍ਰਕਾਸ਼ਨ
_c2005
270 _aਪੰਜਾਬੀ ਭਵਨ
_bਲੁਧਿਆਣਾ
300 _a174p.
_c21cm(pbk)
650 _a ਪੰਜਾਬੀ ਸਾਹਿਤ
_9126839
650 _aਪੰਜਾਬੀ ਕਹਾਣੀਆਂ
_9126840
650 _aPunjabi Literature -- prose
_9126841
650 _aਪੰਜਾਬੀ ਸਾਹਿਤ -- ਪਦ
_97399
942 _2ddc
_cPN
_h850.8
_mਸੁਰਜ
999 _c110394
_d110394